INTRODUCTION TO PHILOSOPHY (Record no. 63482)

MARC details
000 -LEADER
fixed length control field 00419nam a2200157Ia 4500
003 - CONTROL NUMBER IDENTIFIER
control field OSt
005 - DATE AND TIME OF LATEST TRANSACTION
control field 20241018113546.0
020 ## - INTERNATIONAL STANDARD BOOK NUMBER
International Standard Book Number 9966-08-105-4
040 ## - CATALOGING SOURCE
Transcribing agency LC
050 ## - LIBRARY OF CONGRESS CALL NUMBER
Classification number B 21 .M35 2005
Item number 1
100 ## - MAIN ENTRY--PERSONAL NAME
Personal name MAKUMBA,MAURICE MUHATIA
245 #0 - TITLE STATEMENT
Title INTRODUCTION TO PHILOSOPHY
500 ## - GENERAL NOTE
General note INCLUDES BIBLIOGRAPHICAL REFERENCES AND INDEX
650 ## - SUBJECT ADDED ENTRY--TOPICAL TERM
Topical term or geographic name entry element Philosophie, Philosophie Introductions, Philosophy
942 ## - ADDED ENTRY ELEMENTS (KOHA)
Koha item type Long Loan Book
Source of classification or shelving scheme Library of Congress Classification
Holdings
Withdrawn status Lost status Source of classification or shelving scheme Damaged status Not for loan Collection Home library Current library Date acquired Inventory number Total checkouts Total renewals Full call number Barcode Date last seen Date last checked out Copy number Price effective from Koha item type Shelving location
    Library of Congress Classification     Arts & Social Sciences Kisii University Library Kisii University Library 09/15/2023 097937 11 1 B21.M35 2005 024551 04/22/2026 04/13/2026 2 09/15/2023 Long Loan Book  
    Library of Congress Classification     Arts & Social Sciences Kisii University Library Kisii University Library 09/11/2024   7   B 21 .M35 2005 000000010719 04/08/2026 04/01/2026 8 09/11/2024 Long Loan Book  
    Library of Congress Classification     Arts & Social Sciences Kisii University Library Kisii University Library 09/11/2024 104671 6   B 21 .M35 2005 000000010715 04/16/2026 04/07/2026 7 09/11/2024 Long Loan Book  
    Library of Congress Classification     Arts & Social Sciences Kisii University Library Kisii University Library 09/11/2024 104670 9   B 21 .M35 2005 000000010718 04/16/2026 04/01/2026 6 09/11/2024 Long Loan Book  
    Library of Congress Classification     Arts & Social Sciences Kisii University Library Kisii University Library 09/11/2024 104669 7 1 B 21 .M35 2005 000000013006 04/09/2026 03/27/2026 5 09/11/2024 Long Loan Book  
    Library of Congress Classification     Arts & Social Sciences Kisii University Library Kisii University Library 09/11/2024   7   B 21 .M35 2005 000000013005 04/09/2026 03/30/2026 4 09/11/2024 Long Loan Book  
    Library of Congress Classification     Arts & Social Sciences Kisii University Library Kisii University Library 10/18/2024 097936 4 1 B 21 .M 35 2005 024552 12/02/2025 11/17/2025 1 10/18/2024 Long Loan Book On Display